[Event "I Miedzynarodowy Memorial Ireny Warakomskiej - Open A"]
[Site "Suwalki"]
[Date "2017-08-12"]
[Round "2.7"]
[White "Czerwonski, Aleksander "]
[Black "Markowski, Tomasz"]
[Result "1-0"]
[WhiteTitle ""]
[BlackTitle ""]
[WhiteElo "2392"]
[BlackElo "2552"]

1. d4 Nf6 2. c4 e6 3. Nc3 Bb4 4. e3 O-O 5. Bd3 b6 6. Nf3 Bb7 7. O-O Bxc3 8. bxc3
d6 9. Qc2 Bxf3 10. gxf3 c5 11. Kh1 Nc6 12. Qe2 Rc8 13. Bd2 cxd4 14. cxd4 e5 15.
Bf5 Rc7 16. Qd3 Qa8 17. Rg1 Ne7 18. Rg3 g6 19. Bc3 Nh5 20. Rg2 Qc6 21. dxe5 Qxc4
22. Bd4 d5 23. Qxc4 dxc4 24. Be4 Ng7 25. Rgg1 Ne6 26. Rgd1 c3 27. Rac1 Rfc8 28.
Rd3 c2 29. Rd2 Ng5 30. Rdxc2 Rxc2 31. Rxc2 Rxc2 32. Bxc2 Nxf3 33. Be4 Nd2 34.
Bb7 Kf8 35. Kg2 Ke8 36. f3 Nc4 37. Kf2 Kd7 38. Ba6 Na5 39. Bc3 Nec6 40. e4 g5
41. Kg3 Ke6 42. Bc8+ Ke7 43. Ba6 Ke6 44. Bc8+ Ke7 45. Kg4 Nc4 46. Kxg5 N4xe5 47.
f4 Nf3+ 48. Kg4 Nfd4 49. Kh5 Nb5 50. Bb2 Nb4 51. Kh6 Nd6 52. Ba3 a5 53. Bf5 Nxf5+
54. exf5 Kf6 55. Bxb4 axb4 56. Kxh7 Kxf5 57. Kg7 Kxf4 58. Kxf7 Kg4 59. Ke6 Kh3
60. Kd5 Kxh2 61. Kc4 Kg3 62. Kxb4 1-0

[Event "I Miedzynarodowy Memorial Ireny Warakomskiej - Open A"]
[Site "Suwalki"]
[Date "2017-08-12"]
[Round "2.8"]
[White "Kveinys, Aloyzas "]
[Black "Kaczmarek, Aleksander"]
[Result "1/2-1/2"]
[WhiteTitle ""]
[BlackTitle ""]
[WhiteElo "2548"]
[BlackElo "2368"]

1. d4 c5 2. d5 e6 3. Nc3 d6 4. e4 a6 5. dxe6 Bxe6 6. Nge2 Nf6 7. Nf4 b5 8. a4 b4
9. Ncd5 Nbd7 10. Nxe6 fxe6 11. Nf4 Qe7 12. Bc4 d5 13. exd5 exd5+ 14. Be2 Qd6 15.
O-O Ne5 16. Re1 Be7 17. Bh5+ g6 18. Bf3 Rd8 19. Qe2 Nxf3+ 20. Qxf3 Ne4 21. Qe2
O-O 22. f3 Bh4 23. fxe4 Bxe1 24. e5 Qe7 25. Qxe1 Rf5 26. Bd2 Rxe5 27. Qg3 Rf8
28. h4 c4 29. c3 bxc3 30. bxc3 Qf6 31. Kh2 Re4 32. Nxd5 Qd8 33. Qg5 Qd6+ 34. Bf4
Rfxf4 35. Nxf4 Rxf4 36. Kh3 Qd7+ 37. Kg3 Rf5 38. Qe3 Qd6+ 39. Kh3 Rd5 40. Qe8+
Kg7 41. Rf1 Rd3+ 1/2-1/2

[Event "I Miedzynarodowy Memorial Ireny Warakomskiej - Open A"]
[Site "Suwalki"]
[Date "2017-08-12"]
[Round "2.9"]
[White "Teclaf, Pawel"]
[Black "Warakomski, Tomasz "]
[Result "1/2-1/2"]
[WhiteTitle ""]
[BlackTitle ""]
[WhiteElo "2373"]
[BlackElo "2536"]

1. e4 c5 2. Nf3 e6 3. d4 cxd4 4. Nxd4 a6 5. Bd3 Nc6 6. Nxc6 dxc6 7. Nd2 Qc7 8.
O-O Nf6 9. f4 e5 10. Nc4 Ng4 11. Kh1 Bc5 12. Qf3 Be6 13. Nxe5 Nxe5 14. fxe5 Bd4
15. Qg3 Bxe5 16. Bf4 Bxf4 17. Qxf4 Qxf4 18. Rxf4 Ke7 19. e5 Rad8 20. a4 a5 21.
Raf1 Rd7 22. Kg1 h6 23. Kf2 Rhd8 24. Ke3 Rd5 25. Re4 b5 26. g4 Rc5 27. Ra1 b4
28. Re1 g5 29. Re2 Rh8 30. h4 h5 31. gxh5 g4 32. Kf4 Rxh5 33. Kg3 Rh8 34. Rd4
Rh5 35. Rde4 Kf8 36. R4e3 Kg7 37. Re4 Rh8 38. Rd4 Rh5 39. Rde4 Kg8 40. R4e3 Kf8
41. Re4 Ke7 1/2-1/2

[Event "I Miedzynarodowy Memorial Ireny Warakomskiej - Open A"]
[Site "Suwalki"]
[Date "2017-08-12"]
[Round "2.10"]
[White "Mihok, Oliver"]
[Black "Goluch, Piotr"]
[Result "1-0"]
[WhiteTitle ""]
[BlackTitle ""]
[WhiteElo "2534"]
[BlackElo "2360"]

1. e4 c6 2. Nc3 d5 3. Nf3 Bg4 4. h3 Bxf3 5. Qxf3 e6 6. d4 Nf6 7. Bd3 dxe4 8. Nxe4
Nbd7 9. c3 Be7 10. O-O Nxe4 11. Bxe4 Nf6 12. Bc2 Qd5 13. Qd3 O-O 14. Bf4 Rfd8
15. Bc7 Rd7 16. Be5 g6 17. Rfe1 Qb5 18. Qxb5 cxb5 19. a4 b4 20. c4 Rc8 21. Bb3
Ne8 22. d5 Bc5 23. a5 f6 24. Bf4 e5 25. Bd2 Nc7 26. Bd1 Rcd8 27. Ra4 Na6 28. Re2
Rc7 29. b3 Kf7 30. Kf1 Re7 31. Bc2 Rde8 32. f3 f5 33. Bg5 Rc7 34. g4 fxg4 35.
hxg4 Bd4 36. Bd2 Rf8 37. Bxb4 Nxb4 38. Rxb4 Ke7 39. Be4 Kd6 40. Rh2 Bc3 41. Ra4
Kc5 42. Ke2 Rf6 43. Kd3 Bb4 44. Rha2 h5 45. g5 Rf4 46. Ke3 h4 47. Rh2 a6 48. Rh1
Bc3 49. Rc1 Bb2 50. b4+ Kd6 51. c5+ Kd7 52. Rh1 Kc8 53. Kd3 Rh7 54. Ra2 Bd4 55.
Rh3 Rhf7 56. d6 Rxe4 57. fxe4 Rf4 58. Rah2 Kd7 59. Rxh4 Rf3+ 60. Ke2 Rb3 61. Rh7+
Kc6 62. Rc7+ Kb5 63. d7 1-0

[Event "I Miedzynarodowy Memorial Ireny Warakomskiej - Open A"]
[Site "Suwalki"]
[Date "2017-08-12"]
[Round "2.11"]
[White "Zylka, Stanislaw "]
[Black "Kanarek, Marcel"]
[Result "0-1"]
[WhiteTitle ""]
[BlackTitle ""]
[WhiteElo "2368"]
[BlackElo "2530"]

1. c4 Nf6 2. Nf3 g6 3. Nc3 Bg7 4. g3 O-O 5. Bg2 d6 6. O-O c5 7. d4 Nc6 8. d5 Na5
9. Nd2 a6 10. Qc2 Rb8 11. Rb1 b5 12. b3 e5 13. e4 Bh6 14. Qd3 Bd7 15. Rd1 bxc4
16. bxc4 Rb4 17. a3 Rxb1 18. Ncxb1 Qb6 19. Nc3 Nh5 20. Bf3 Ng7 21. Kg2 f5 22.
Be2 f4 23. f3 Bg5 24. g4 h5 25. h3 Bh4 26. Rh1 Rb8 27. Bd1 Qd8 28. Bc2 Qg5 29.
Ne2 Rf8 30. Kf1 Nb7 31. Qb3 Nd8 32. Qb6 hxg4 33. hxg4 Bxg4 34. Qxd6 Nf7 35. Qxc5
Nh5 36. fxg4 Qxg4 37. Qg1 Ng3+ 38. Nxg3 fxg3 39. Qg2 Ng5+ 40. Kg1 Rf2 41. Bd3
Qd1+ 42. Qf1 Qxd2 43. Rxh4 Rxf1+ 44. Bxf1 Qf2+ 0-1

[Event "I Miedzynarodowy Memorial Ireny Warakomskiej - Open A"]
[Site "Suwalki"]
[Date "2017-08-12"]
[Round "2.12"]
[White "Gleizerov, Evgeny"]
[Black "Stoma, Pawel "]
[Result "1-0"]
[WhiteTitle ""]
[BlackTitle ""]
[WhiteElo "2519"]
[BlackElo "2348"]

1. d4 d5 2. c4 c6 3. Nf3 Nf6 4. Nc3 a6 5. Ne5 g6 6. Bf4 Bg7 7. e3 O-O 8. Be2 Nbd7
9. O-O Nxe5 10. Bxe5 dxc4 11. Bxc4 Nd5 12. Bxd5 cxd5 13. Qb3 e6 14. Bg3 b5 15.
Rfc1 Ra7 16. Ne2 Qb6 17. a4 b4 18. a5 Qb5 19. Nf4 Rd8 20. Nd3 Bf8 21. Bc7 Re8
22. Bb6 Ra8 23. Bc5 Bd7 24. Bxf8 Rxf8 25. Rc5 Qb7 26. Rac1 Rfb8 27. h4 Ra7 28.
Qd1 Bb5 29. Ne5 Qe7 30. Qf3 Kg7 31. Qf4 Rbb7 32. Rc8 Be8 33. Ng4 1-0

[Event "I Miedzynarodowy Memorial Ireny Warakomskiej - Open A"]
[Site "Suwalki"]
[Date "2017-08-12"]
[Round "2.13"]
[White "Kulon, Klaudia "]
[Black "Ulybin, Mikhail"]
[Result "1/2-1/2"]
[WhiteTitle ""]
[BlackTitle ""]
[WhiteElo "2359"]
[BlackElo "2518"]

1. e4 e6 2. d4 d5 3. e5 c5 4. c3 Nc6 5. Nf3 Bd7 6. Be2 Nge7 7. O-O Nf5 8. dxc5
Bxc5 9. Bd3 Nh4 10. Nbd2 Ng6 11. Nb3 Bb6 12. Re1 O-O 13. Bg5 f6 14. exf6 gxf6
15. Bh6 Rf7 16. c4 dxc4 17. Bxc4 Nce5 18. Nxe5 fxe5 19. Be3 Qh4 20. Bf1 Nf4 21.
Bxb6 Nh3+ 22. gxh3 Rg7+ 23. Kh1 Bc6+ 24. f3 e4 25. Na5 axb6 26. Qd4 exf3 27. Nxc6
f2 28. Ne7+ Kf7 29. Qxg7+ Kxg7 30. Rxe6 Rf8 31. Rd1 Rf7 32. Re3 Rxe7 33. Rg3+
Kf6 34. Rdd3 Re5 35. Kg2 Rf5 36. Rg4 Qh5 37. Rb3 b5 38. a4 Qe8 39. axb5 h5 40.
Rgg3 Qe4+ 41. Rgf3 Ke5 42. Rbe3 Rxf3 43. Rxf3 Qg6+ 44. Rg3 Qe4+ 45. Rf3 h4 46.
b3 Qg6+ 47. Kxf2 Qc2+ 48. Be2 Qc5+ 49. Kg2 Kd4 50. Rd3+ Ke4 51. Rf3 b6 52. Bd3+
Kd4 53. Be2 Qg5+ 54. Kf2 Qe5 55. Ke1 Qxh2 56. Kd2 Qg2 57. Rd3+ Kc5 58. b4+ Kxb4
59. Rf3 Kc5 60. Rc3+ Kd4 61. Rc4+ Kd5 62. Rc3 Qg5+ 63. Kc2 Ke4 64. Bf3+ Kd4 65.
Rd3+ Kc4 66. Be2 Qf5 67. Kd2 Qf4+ 68. Kc2 Qh2 69. Re3+ Kd4 70. Rd3+ Kc5 71. Rc3+
Kb4 72. Rb3+ Ka4 73. Re3 Qf2 74. Kd2 Qf4 75. Bd3 Kb3 76. Be2+ Kb4 77. Bd3 Kc5
78. Ke2 Kd4 79. Rf3 Qh2+ 80. Ke1 Qh1+ 81. Kf2 Qh2+ 82. Ke1 Qg1+ 83. Bf1 Ke4 84.
Rb3 Kf4 85. Rd3 Qc5 86. Be2 Ke4 87. Kd2 Qb4+ 88. Kd1 Qa5 89. Rf3 Qa1+ 90. Kd2
Qb2+ 91. Kd1 Qd4+ 92. Ke1 Qg1+ 93. Kd2 Qg5+ 94. Kd1 Kd4 95. Rd3+ Kc5 96. Rc3+
Kb4 97. Rf3 Qd5+ 98. Ke1 Qd4 99. Kf1 Qe4 100. Kf2 Qe5 101. Ke1 Qg5 102. Kd1 Qg2
103. Kd2 Qg1 104. Kc2 Qe1 105. Rb3+ Kc5 106. Rc3+ Kd4 107. Rd3+ Ke4 108. Bf3+
Kf4 1/2-1/2

[Event "I Miedzynarodowy Memorial Ireny Warakomskiej - Open A"]
[Site "Suwalki"]
[Date "2017-08-12"]
[Round "2.14"]
[White "Vetoshko, Volodymyr"]
[Black "Plichta, Kamil "]
[Result "1-0"]
[WhiteTitle ""]
[BlackTitle ""]
[WhiteElo "2517"]
[BlackElo "2341"]

1. e4 e5 2. Nf3 Nc6 3. Bb5 a6 4. Ba4 Nf6 5. O-O Be7 6. Re1 b5 7. Bb3 d6 8. c3 O-O
9. h3 Nb8 10. d4 Nbd7 11. Nbd2 Bb7 12. Bc2 Re8 13. a4 Bf8 14. Bd3 c6 15. Qc2 g6
16. dxe5 dxe5 17. Nb3 Qc7 18. c4 bxa4 19. Rxa4 c5 20. Nfd2 Nb8 21. Na5 Nc6 22.
Nxc6 Bxc6 23. Ra3 Bh6 24. Nb3 Bxc1 25. Qxc1 Nd7 26. Qe3 Reb8 27. Nxc5 Nxc5 28.
Qxc5 Rxb2 29. Rea1 Qb6 30. Qxb6 Rxb6 31. Ra5 Rd8 32. Rxa6 Rxa6 33. Rxa6 Rxd3 34.
Rxc6 Rd1+ 35. Kh2 Re1 36. f3 Rc1 37. g4 Kg7 38. h4 h6 39. g5 hxg5 40. hxg5 Rc2+
41. Kg3 Rc1 42. Kf2 Rc3 43. Rc8 Rc2+ 44. Ke3 Rg2 45. c5 Rxg5 46. c6 Rg1 47. Kd2
Rg2+ 48. Kd3 Rg1 49. Kc4 Rc1+ 50. Kd5 Kf6 51. Re8 Rc3 52. Kd6 Rd3+ 53. Kc5 Rc3+
54. Kb6 Rb3+ 55. Ka6 Ra3+ 56. Kb7 Rb3+ 57. Kc8 Rxf3 58. c7 Re3 59. Kb7 Rb3+ 60.
Ka6 Rc3 61. Kb6 Rb3+ 62. Ka5 Rc3 63. c8=Q Rxc8 64. Rxc8 Kg5 65. Kb4 Kf4 66. Rf8
g5 67. Rxf7+ Kxe4 68. Kc3 Kd5 1-0

[Event "I Miedzynarodowy Memorial Ireny Warakomskiej - Open A"]
[Site "Suwalki"]
[Date "2017-08-12"]
[Round "2.15"]
[White "Bednarek, Sylwester"]
[Black "Jakubowski, Krzysztof"]
[Result "0-1"]
[WhiteTitle ""]
[BlackTitle ""]
[WhiteElo "2308"]
[BlackElo "2515"]

1. d4 d5 2. g3 c6 3. Bg2 Bf5 4. Nf3 h6 5. O-O e6 6. c4 Nd7 7. Qb3 Qb6 8. c5 Qxb3
9. axb3 g5 10. Nc3 a6 11. h4 f6 12. Re1 Ne7 13. e4 dxe4 14. Nxe4 Nd5 15. hxg5
hxg5 16. Bd2 g4 17. Nh4 Bh7 18. Nd6+ Bxd6 19. Rxe6+ Be7 20. Rae1 Nf8 21. Bxd5
Nxe6 22. Bxe6 Rd8 23. Bc3 Kf8 24. Bxg4 Rg8 25. Be6 Rg5 26. b4 f5 27. Nf3 Rg4 28.
Bd2 Re4 29. Kf1 Bf6 30. Bf4 Rxe1+ 31. Nxe1 Rxd4 32. Nc2 Rd1+ 33. Ke2 Rb1 34. Bc8
Rxb2 35. Kd3 Rb3+ 36. Ke2 Bg6 37. f3 Bh5 38. Be3 f4 39. gxf4 Rb2 40. Kd3 Bxf3
41. Bxb7 Rb3+ 42. Kd2 Be4 43. Bd4 Bxd4 44. Nxd4 Rd3+ 45. Ke2 Rxd4 0-1

[Event "I Miedzynarodowy Memorial Ireny Warakomskiej - Open A"]
[Site "Suwalki"]
[Date "2017-08-12"]
[Round "2.16"]
[White "Leniart, Arkadiusz "]
[Black "Mulet, Piotr "]
[Result "1-0"]
[WhiteTitle ""]
[BlackTitle ""]
[WhiteElo "2480"]
[BlackElo "2295"]

1. d4 Nf6 2. c4 g6 3. Nc3 d5 4. Nf3 Bg7 5. Bg5 dxc4 6. e4 c5 7. d5 b5 8. d6 Bb7
9. e5 Ne4 10. Nxe4 Bxe4 11. a4 f6 12. axb5 exd6 13. exf6 Bxf6 14. Bxc4 Nd7 15.
O-O Bxg5 16. Re1 Be7 17. Rxe4 Nf6 18. Ng5 d5 19. Ne6 Qc8 20. Bxd5 Nxe4 21. Bxe4
Rb8 22. Bc6+ Kf7 23. Rxa7 1-0

[Event "I Miedzynarodowy Memorial Ireny Warakomskiej - Open A"]
[Site "Suwalki"]
[Date "2017-08-12"]
[Round "2.17"]
[White "Nowak, Lukasz"]
[Black "Krzyzanowski, Marcin "]
[Result "1/2-1/2"]
[WhiteTitle ""]
[BlackTitle ""]
[WhiteElo "2307"]
[BlackElo "2464"]

1. e4 c5 2. Nf3 Nc6 3. d4 cxd4 4. Nxd4 Nf6 5. Nc3 e5 6. Ndb5 d6 7. Bg5 a6 8. Na3
Be6 9. Nc4 Rb8 10. a4 Nb4 11. Nd5 Nbxd5 12. exd5 Bf5 13. Be2 Be7 14. O-O O-O 15.
Be3 Nd7 16. a5 Bg6 17. Qd2 f5 18. f4 exf4 19. Bxf4 Nc5 20. Bf3 Ne4 21. Qb4 Rf6
22. Bxe4 fxe4 23. Bg3 Rc8 24. Rxf6 gxf6 25. b3 Rc7 26. Qb6 Rd7 27. Qxd8+ Rxd8
28. Ra4 Rd7 29. Rb4 f5 30. Bf4 Bf7 31. Ne3 Bd8 32. Nxf5 Bxd5 33. Rd4 Bc6 34. Rxd6
Bxa5 35. Rxd7 Bxd7 36. Ne3 b5 37. Kf2 Bb6 38. b4 Kf7 39. Ke2 Ke6 40. c3 Bd8 41.
Kd2 h5 42. g3 Bf6 1/2-1/2

[Event "I Miedzynarodowy Memorial Ireny Warakomskiej - Open A"]
[Site "Suwalki"]
[Date "2017-08-12"]
[Round "2.18"]
[White "Jarmula, Lukasz"]
[Black "Mucha, Piotr "]
[Result "1-0"]
[WhiteTitle ""]
[BlackTitle ""]
[WhiteElo "2457"]
[BlackElo "2155"]

1. e4 c5 2. Nf3 e6 3. d4 cxd4 4. Nxd4 Nc6 5. Nc3 Qc7 6. Be3 Nf6 7. f4 d6 8. Qf3
Be7 9. O-O-O O-O 10. Be2 Nxd4 11. Bxd4 a6 12. e5 Nd7 13. exd6 Bxd6 14. Rhf1 Bc5
15. Ne4 Bxd4 16. Rxd4 e5 17. fxe5 Qxe5 18. Rdd1 Qa5 19. Qb3 Qe5 20. Bf3 Qf4+ 21.
Kb1 Ne5 22. Nd6 Nxf3 23. Rxf3 Qg4 24. Nxf7 Be6 25. Nh6+ gxh6 26. Rg3 Bxb3 27.
Rxg4+ Kh8 28. axb3 Rad8 29. Rxd8 Rxd8 30. c4 Rd2 31. c5 h5 32. Rg5 h4 33. h3 h6
34. Rg4 Kh7 35. Rb4 Rd7 36. Rxh4 Rd5 37. Rb4 Rd7 38. Rb6 Rc7 39. b4 Kg7 40. g4
1-0

[Event "I Miedzynarodowy Memorial Ireny Warakomskiej - Open A"]
[Site "Suwalki"]
[Date "2017-08-12"]
[Round "2.19"]
[White "Wozniak, Mariola "]
[Black "Barski, Radoslaw "]
[Result "1-0"]
[WhiteTitle ""]
[BlackTitle ""]
[WhiteElo "2181"]
[BlackElo "2444"]

1. e4 c5 2. Nf3 d6 3. d4 cxd4 4. Nxd4 Nf6 5. Nc3 a6 6. Be2 e5 7. Nb3 Be7 8. O-O
O-O 9. Qd3 Be6 10. Nd5 Bxd5 11. exd5 Nbd7 12. Be3 Rc8 13. c4 b6 14. Nd2 Ne8 15.
Bg4 Rb8 16. b4 g6 17. Bxd7 Qxd7 18. a4 f5 19. f3 Nf6 20. Nb3 e4 21. fxe4 Nxe4
22. Nd4 Bf6 23. g4 Bxd4 24. Bxd4 Rbe8 25. Rae1 h6 26. Bxb6 Qxa4 27. gxf5 gxf5
28. Kh1 Qxb4 29. Bd4 Rf7 30. Re2 Kh7 31. Rxf5 Rxf5 32. Rxe4 Rxe4 33. Qxe4 Kg6
34. Qe6+ Kg5 35. Be3+ Rf4 36. h4+ Kh5 37. Bxf4 Qxc4 38. Qxh6+ Kg4 39. Qg5+ Kf3
40. Qg3+ Ke4 41. Bxd6 Qf1+ 42. Kh2 Kxd5 43. Ba3 Kc4 44. Qg4+ Kb3 45. Qh3+ 1-0

[Event "I Miedzynarodowy Memorial Ireny Warakomskiej - Open A"]
[Site "Suwalki"]
[Date "2017-08-12"]
[Round "2.20"]
[White "Bilguun, Sumiya"]
[Black "Wisniewski, Michal "]
[Result "1-0"]
[WhiteTitle ""]
[BlackTitle ""]
[WhiteElo "2443"]
[BlackElo "2180"]

1. e4 c5 2. Nf3 d6 3. c3 Nf6 4. Be2 Nbd7 5. Qc2 b6 6. d4 e5 7. dxe5 dxe5 8. Bg5
Be7 9. c4 O-O 10. Nc3 Ne8 11. h4 Nc7 12. Qa4 Bxg5 13. hxg5 Ne6 14. Qc6 Rb8 15.
g6 hxg6 16. Rd1 Nd4 17. Qa4 a6 18. Rd3 Bb7 19. Ng5 Nf6 20. Rdh3 Nh5 21. Bxh5 gxh5
22. Rxh5 g6 23. Rh8+ Kg7 24. R1h7+ Kf6 25. Rxf8 Qxf8 26. Rxf7+ Qxf7 27. Nxf7 Bc6
28. Qxa6 Kxf7 29. Qa7+ Rb7 30. Qa8 Rd7 31. Qh8 Nc2+ 32. Ke2 Nd4+ 33. Kf1 b5 34.
Nd5 1-0

[Event "I Miedzynarodowy Memorial Ireny Warakomskiej - Open A"]
[Site "Suwalki"]
[Date "2017-08-12"]
[Round "2.21"]
[White "Walkusz, Witoslaw"]
[Black "Kashlinskaya, Alina"]
[Result "1/2-1/2"]
[WhiteTitle ""]
[BlackTitle ""]
[WhiteElo "2115"]
[BlackElo "2440"]

1. e4 e5 2. Nf3 Nc6 3. Bb5 Nf6 4. d3 Bc5 5. O-O d6 6. h3 O-O 7. c3 Ne7 8. d4 Bb6
9. Re1 d5 10. Nxe5 Nxe4 11. Nd2 Nd6 12. Bd3 f6 13. Ng4 Bf5 14. Nf1 Bxd3 15. Qxd3
Ng6 16. Ng3 c6 17. Nf5 Qd7 18. Nxd6 Qxd6 19. Ne3 Rae8 20. Bd2 Nf4 21. Qf1 f5 22.
g3 Ne6 23. Ng2 Bc7 24. Bf4 Nxf4 25. Nxf4 Re4 26. f3 Re7 27. Rxe7 Qxe7 28. Qe1
Re8 29. Qxe7 Rxe7 30. Kf2 Bxf4 31. gxf4 Kf7 32. Re1 Rd7 33. Re5 g6 34. Kg3 b5
35. Kh4 h6 36. Kg3 a5 37. h4 h5 38. Kf2 b4 39. Ke3 bxc3 40. b3 a4 41. b4 Rb7 42.
a3 Re7 43. Rxe7+ Kxe7 44. Kd3 Kd6 45. Kxc3 1/2-1/2

[Event "I Miedzynarodowy Memorial Ireny Warakomskiej - Open A"]
[Site "Suwalki"]
[Date "2017-08-12"]
[Round "2.22"]
[White "Puczylowski, Marcin"]
[Black "Molenda, Marcin"]
[Result "0-1"]
[WhiteTitle ""]
[BlackTitle ""]
[WhiteElo "2103"]
[BlackElo "2420"]

1. Nf3 d5 2. d4 Nf6 3. Bf4 c5 4. c3 Nc6 5. e3 Qb6 6. Na3 c4 7. Rb1 Qa5 8. Nxc4
dxc4 9. Bxc4 b5 10. Bb3 Bf5 11. e4 Nxe4 12. Nh4 Nxc3 13. bxc3 Bxb1 14. Qxb1 Qxc3+
15. Bd2 Qxd4 16. Nf3 Qd7 17. Qe4 Rc8 18. O-O e6 19. Bc3 h5 20. Rd1 Qe7 21. a4
a6 22. axb5 axb5 23. h4 Rh6 24. Bd2 Rg6 25. Bg5 Qc7 26. Qe2 Be7 27. Qxb5 Qb8 28.
Qa4 Kf8 29. Bc2 f5 30. Rb1 Qa8 31. Qxa8 Rxa8 32. Rb6 Bxg5 33. hxg5 Rc8 34. Ba4
e5 35. Nh4 Re6 36. Bb3 Ree8 37. Nxf5 Nd4 38. Nd6 Rc1+ 39. Kh2 Rd8 40. Ba4 Ra1
41. Nb7 Rb8 42. Nc5 Rxb6 43. Nd7+ Ke7 44. Nxb6 Kd8 45. f3 Ke7 46. Kg3 Nf5+ 47.
Kh2 Ne3 48. Bb3 Nf1+ 49. Kh3 Rb1 50. Bc4 Nd2 51. Nd5+ Kd6 52. Ne3 Nxc4 53. Nxc4+
Ke6 54. Nd2 Rh1+ 55. Kg3 Kf5 56. Ne4 h4+ 57. Kf2 Ra1 58. Ke3 Ra3+ 59. Kf2 Kf4
60. Kg1 Ra4 61. Nf2 Kxg5 62. Kh2 Kf5 63. Nh3 Ra2 64. Ng1 g5 65. Kh3 Ra1 66. Ne2
Rh1# 0-1

[Event "I Miedzynarodowy Memorial Ireny Warakomskiej - Open A"]
[Site "Suwalki"]
[Date "2017-08-12"]
[Round "2.23"]
[White "Cukrowski, Filip "]
[Black "Walter, Szymon "]
[Result "0-1"]
[WhiteTitle ""]
[BlackTitle ""]
[WhiteElo "2413"]
[BlackElo "2194"]

1. e4 c5 2. c3 d5 3. exd5 Qxd5 4. d4 Nf6 5. Nf3 cxd4 6. cxd4 e6 7. Nc3 Qd8 8. Bd3
Be7 9. O-O Nc6 10. a3 O-O 11. Re1 b6 12. Bg5 Bb7 13. Bc2 g6 14. Qd3 Nd5 15. Bh6
Re8 16. Ne4 Rc8 17. Rac1 Qc7 18. Ba4 Red8 19. Qd2 Qb8 20. Neg5 Bf6 21. Ne4 Bg7
22. Ng3 Nce7 23. Bxg7 Kxg7 24. Qg5 h6 25. Qg4 Nf6 26. Rxc8 Rxc8 27. Qh4 Bxf3 28.
gxf3 g5 29. Qh3 Qf4 30. Bb3 Rc1 31. Qf1 Rxe1 32. Qxe1 Qxf3 33. Bc2 Ned5 34. Qe2
Qf4 35. Qd1 Qh4 36. Qd2 Nf4 37. Bd1 Qh3 38. f3 N6d5 39. Nf1 h5 40. Qf2 Qf5 41.
Qd2 h4 42. Kf2 Qb1 43. Qc2 Nd3+ 44. Ke2 N5f4+ 45. Ke3 Qa1 46. b3 e5 47. Kd2 Qxd4
0-1

[Event "I Miedzynarodowy Memorial Ireny Warakomskiej - Open A"]
[Site "Suwalki"]
[Date "2017-08-12"]
[Round "2.24"]
[White "Sagar, Shah"]
[Black "Tomaszewski, Kacper"]
[Result "1-0"]
[WhiteTitle ""]
[BlackTitle ""]
[WhiteElo "2397"]
[BlackElo "2203"]

1. c4 Nf6 2. Nc3 d5 3. cxd5 Nxd5 4. g3 g6 5. Bg2 Nb6 6. d3 Bg7 7. Be3 Nc6 8. Qd2
Nd4 9. Rc1 c6 10. Bh6 Bxh6 11. Qxh6 Nf5 12. Qd2 Be6 13. Nf3 f6 14. Ne4 Nd7 15.
b4 Qb6 16. Nc5 Nxc5 17. bxc5 Qa6 18. O-O O-O 19. Qb4 Bf7 20. e4 Ng7 21. d4 Rab8
22. a4 Rfe8 23. a5 b6 24. Ra1 bxc5 25. Qxc5 Rb5 26. Qc3 Rb3 27. Qc2 Reb8 28. Qc5
Kf8 29. Rfc1 Qe2 30. Re1 Qa6 31. e5 Ne6 32. Qc1 Kg7 33. exf6+ exf6 34. h4 h5 35.
Re3 Rxe3 36. Qxe3 Re8 37. Qa3 Nc7 38. Qd6 Nb5 39. Qd7 Qc8 40. Bh3 f5 41. Qxc8
Rxc8 42. Rc1 Bd5 43. Bf1 Bxf3 44. Bxb5 Rd8 45. Ba4 Rd6 46. Kh2 Kf6 47. Rc3 Be4
48. f3 Bd5 49. Kg2 g5 50. hxg5+ Kxg5 51. Rc5 Kf6 52. Kf2 Ke7 53. Ke3 Kf6 54. Kf4
Be6 55. Ke3 Bd5 56. Rc2 Re6+ 57. Kf4 Rd6 58. Rc3 Be6 59. Ke3 Bd5 60. Bc2 Kg5 61.
f4+ Kg6 62. Ba4 Re6+ 63. Kd2 Rd6 64. Kd3 Kf6 65. Bd1 Kg6 66. Rc1 Kh6 67. Rc3 Kg6
68. Ba4 Kh6 69. Ke3 Re6+ 70. Kd2 Rd6 71. Re3 Be4 72. Kc3 Kg6 73. Kc4 Kf6 74. Re2
Rd8 75. Rh2 Bf3 76. Rf2 Be4 77. Bc2 Bd5+ 78. Kc5 Rg8 79. Ba4 Rxg3 80. Bxc6 Bxc6
81. Kxc6 Ra3 82. d5 Ke7 83. Re2+ Kd8 84. Rg2 Rxa5 85. Rg8+ Ke7 86. d6+ Kf7 87.
d7 Ra6+ 88. Kb7 1-0

[Event "I Miedzynarodowy Memorial Ireny Warakomskiej - Open A"]
[Site "Suwalki"]
[Date "2017-08-12"]
[Round "2.25"]
[White "Lewtak, Damian "]
[Black "Kumala, Aleksander "]
[Result "1/2-1/2"]
[WhiteTitle ""]
[BlackTitle ""]
[WhiteElo "2344"]
[BlackElo "2189"]

1. d4 Nf6 2. g3 d5 3. Bg2 e6 4. Nf3 Be7 5. c4 O-O 6. Nbd2 dxc4 7. Nxc4 Bd7 8. Nce5
Bc6 9. Nxc6 Nxc6 10. O-O Qd7 11. e3 Rfd8 12. Qe2 a6 13. b3 a5 14. a4 Nd5 15. Bb2
Bf6 16. Rfd1 Ncb4 17. Nd2 g6 18. e4 Nb6 19. e5 Bg7 20. Bxb7 Rab8 21. Be4 N4d5
22. Qf3 Qe7 23. Bxd5 Nxd5 24. Ba3 Nb4 25. Nc4 Rd5 26. Ne3 Rd7 27. Rac1 Qd8 28.
Qe4 Na6 29. Rc3 Nb4 30. h4 h5 31. Rc5 Bf8 32. Rc4 Rb6 33. Bxb4 Bxb4 34. d5 Be7
35. Rcc1 Rxb3 36. Qc2 Rb6 37. Nc4 Ra6 38. dxe6 Rxe6 39. Nxa5 Rxd1+ 40. Rxd1 Qe8
41. Nc4 Ra6 42. Ne3 Qxa4 43. Qxc7 Re6 44. Rb1 Kg7 45. Ng2 Qc6 46. Qxc6 Rxc6 47.
Rb7 Re6 48. f4 Bc5+ 49. Kh2 Rb6 50. Rc7 Bd4 51. Rd7 Bf2 52. Rd2 Bc5 53. Ne1 Bb4
54. Rb2 Ba5 55. Rxb6 Bxb6 56. Kg2 Bd4 57. Nf3 Be3 58. Ng5 Bd2 59. Ne4 Be1 60.
Kf3 Bb4 61. Ke3 Be1 62. Kd4 Bb4 63. Kc4 Be1 64. Kd5 Kf8 65. Kd6 Bb4+ 66. Kd7 Be1
67. Ng5 Bb4 68. Nf3 Bc5 69. Nd2 Bf2 70. Ne4 Be1 71. Nd6 Bb4 72. f5 gxf5 73. Nxf5
Bc3 74. Kd6 Kg8 75. Kd5 Kh7 76. Ke4 Be1 77. Kf4 Bd2+ 78. Kf3 Bc3 79. Ke4 Be1 80.
Kd5 Kg6 81. e6 fxe6+ 82. Kxe6 Bf2 83. Ke5 Be1 84. Ke4 Kf6 1/2-1/2

[Event "I Miedzynarodowy Memorial Ireny Warakomskiej - Open A"]
[Site "Suwalki"]
[Date "2017-08-12"]
[Round "2.26"]
[White "Koziol, Kamil"]
[Black "Zaika, Daniil"]
[Result "1-0"]
[WhiteTitle ""]
[BlackTitle ""]
[WhiteElo "2321"]
[BlackElo "2101"]

1. e4 e6 2. d4 d5 3. Nc3 Nf6 4. Bg5 Be7 5. e5 Nfd7 6. h4 a6 7. Qg4 Bxg5 8. hxg5
c5 9. dxc5 Nc6 10. O-O-O Ndxe5 11. Qg3 Qc7 12. Nf3 Bd7 13. Re1 f6 14. gxf6 gxf6
15. Nxe5 fxe5 16. Qg5 Ne7 17. Be2 Qxc5 18. Bh5+ Kd8 19. Qxe5 Rf8 20. Bg4 Nf5 21.
Rxh7 Qxf2 22. Bxf5 Qxf5 23. Qd6 Qxh7 24. Qxf8+ Be8 25. Nxd5 Rc8 26. Qf6+ 1-0

[Event "I Miedzynarodowy Memorial Ireny Warakomskiej - Open A"]
[Site "Suwalki"]
[Date "2017-08-12"]
[Round "2.27"]
[White "Juhasz, Barbara"]
[Black "Paszewski, Mateusz "]
[Result "0-1"]
[WhiteTitle ""]
[BlackTitle ""]
[WhiteElo "2200"]
[BlackElo "2321"]

1. e4 c5 2. Nf3 g6 3. d4 cxd4 4. Qxd4 Nf6 5. Nc3 Nc6 6. Qa4 d6 7. e5 dxe5 8. Nxe5
Bd7 9. Nxd7 Nxd7 10. Bb5 Bg7 11. O-O O-O 12. Rd1 Qc8 13. Nd5 Re8 14. c3 a6 15.
Bxc6 bxc6 16. Nb4 c5 17. Rxd7 cxb4 18. cxb4 Qc4 19. Qa5 Qe6 20. Rd1 Bd4 21. Bf4
Qf6 22. Bg3 h5 23. Qd5 e5 24. Qe4 Qb6 25. a3 Bxb2 26. Ra2 Rad8 27. Rxd8 Rxd8 28.
h3 Rd1+ 29. Kh2 Qd4 30. Qa8+ Kg7 31. Qxa6 h4 32. Bxh4 Qxh4 33. Rxb2 Qf4+ 34. g3
Qf3 0-1

[Event "I Miedzynarodowy Memorial Ireny Warakomskiej - Open A"]
[Site "Suwalki"]
[Date "2017-08-12"]
[Round "2.28"]
[White "Bartel, Marta"]
[Black "Zielinski, Wojciech"]
[Result "1/2-1/2"]
[WhiteTitle ""]
[BlackTitle ""]
[WhiteElo "2313"]
[BlackElo "2105"]

1. d4 e6 2. Nf3 Nf6 3. e3 b6 4. Bd3 Bb7 5. b3 Be7 6. Bb2 d5 7. O-O O-O 8. Nbd2
Nbd7 9. Qe2 Ne4 10. c4 c5 11. Rfd1 Bf6 12. Rac1 Rc8 13. Nf1 Rc7 14. Ng3 Nxg3 15.
hxg3 Qa8 16. cxd5 exd5 17. Ba3 g6 18. Bb5 Bc6 19. dxc5 Bxb5 20. Qxb5 bxc5 21.
Qd3 Rfc8 22. Qxd5 Qxd5 23. Rxd5 c4 24. Rxc4 Rxc4 25. bxc4 Nb6 26. Rc5 Rd8 27.
Rc6 Rd1+ 28. Kh2 Kg7 29. g4 h6 30. Kg3 Na4 31. Bf8+ Kxf8 32. Rxf6 Nc3 33. Kf4
Rf1 34. Ra6 Rxf2 35. Rxa7 Rxg2 36. Ne5 Rf2+ 37. Kg3 Ne4+ 38. Kh3 Ng5+ 39. Kg3
Ne4+ 40. Kh3 Ng5+ 41. Kg3 Ne4+ 1/2-1/2